000 00719nam a22002297a 4500
005 20170124105936.0
010 _aA-681599
020 _c00.00
_a8185420459
035 _aA-681599
037 _bCen Lib/Ret
040 _aDPL
_bEN
082 _a303.6
_2RAM
100 _aRamamurthi,T.G.
_99697
245 _aNon violence and nationalism :
_cby T.G.Ramamurthi
_ba study of Gandhian mass resistence in South Africa /
260 _aDelhi
_bAmar prakashan
270 _aA-1/139 B,Lawrence road
_bDelhi
_e110035
300 _av,223p.
_c21cm(Hb)
500 _aIncludes bibliographical reference
650 _aPolitical science
_991298
650 _aSouth Africa
_99699
942 _2ddc
_cEN
_h303.6
_mRAM
999 _c124186
_d124186